Stepan Rasin (Запись № 8541465)

Подробности
000 -МАРКЕР
контрольное поле 01231nam0a22002891 4500
001 - ИДЕНТИФИКАТОР ЗАПИСИ
контрольное поле RU\NLR\INFOCOMM_253\5000010224
005 - ИДЕНТИФИКАТОР ВЕРСИИ
контрольное поле 20250613092748.0
035 ## - ДРУГИЕ СИСТЕМНЫЕ НОМЕРА
Идентификатор записи (NLR Aleph) 009175866
100 ## - ДАННЫЕ ОБЩЕЙ ОБРАБОТКИ
Данные общей обработки 20100307d1964 |||y0rusy50 ca
101 1# - ЯЗЫК РЕСУРСА
Язык текста, звукозаписи и т.д. немецкий
Язык оригинала русский
102 ## - СТРАНА ПУБЛИКАЦИИ ИЛИ ПРОИЗВОДСТВА
Страна публикации Российская Федерация
105 ## - ПОЛЕ КОДИРОВАННЫХ ДАННЫХ: ТЕКСТОВЫЕ МАТЕРИАЛЫ, МОНОГРАФИЧЕСКИЕ
Кодированные данные о монографическом текстовом документе y ||||000|y
200 1# - ЗАГЛАВИЕ И СВЕДЕНИЯ ОБ ОТВЕТСТВЕННОСТИ
Основное заглавие Stepan Rasin
Сведения, относящиеся к заглавию Historischer Roman
Первые сведения об ответственности A. P. Tschapygin
210 ## - ПУБЛИКАЦИЯ, РАСПРОСТРАНЕНИЕ И ДР.
Место издания, распространения и т.д. Μ.
Имя издателя, распространителя и т. д. Progress
Дата издания, распространения и т.д. 1964
215 ## - ФИЗИЧЕСКАЯ ХАРАКТЕРИСТИКА
Специфическое обозначение материала и объем 662 с.
Размеры 20 см
300 ## - ОБЩИЕ ПРИМЕЧАНИЯ
Текст примечания "Russ. Original titel: Разин Степан"
311 ## - ПРИМЕЧАНИЯ, ОТНОСЯЩИЕСЯ К ПОЛЯМ СВЯЗИ (ПРИМЕЧАНИЯ О СВЯЗИ С ДРУГИМИ ПРОИЗВЕДЕНИЯМИ (ИЗДАНИЯМИ))
Текст примечания "... ein Nachdruck der im Verl. "Kultur und Fortschritt", Berlin, erschienenen Übers. von Dr. Paul Reissert"
455 #0 - ОРИГИНАЛ, С КОТОРОГО СДЕЛАНА КОПИЯ
Встроенное поле 102##$aDE
-- 2001#$aStepan Rasin$eHistorischer Roman
-- 210##$aBerlin$c"Kultur und Fortschritt"$d[1953]
-- 700#1$9z01790$aČapygin$bA. P.$gAleksej Pavlovič$f1870-1937$4070
-- 702#1$aReissert$bP.$gPaul$4730
-- 790#1$9z01700$aTschapygin$bA. P.$4070
Заглавие Stepan Rasin
Автор Čapygin, Aleksej Pavlovič (1870-1937)
686 ## - ИНДЕКСЫ ДРУГИХ КЛАССИФИКАЦИЙ
Индекс ЛхрС320
Код системы
700 #1 - ИМЯ ЛИЦА - ПЕРВИЧНАЯ ОТВЕТСТВЕННОСТЬ
Системный номер авторитетной/нормативной записи z02790
Начальный элемент ввода Čapygin
Часть имени, кроме начального элемента ввода A. P.
Даты 1870-1937
Расширение инициалов личного имени Aleksej Pavlovič
Код отношения Автор
790 #1 - ИМЯ ЛИЦА - АЛЬТЕРНАТИВНАЯ ФОРМА
Системный номер авторитетной/нормативной записи z02700
Начальный элемент ввода Tschapygin
Часть имени, кроме начального элемента ввода A. P.
Код отношения Автор
801 #1 - ИСТОЧНИК ЗАПИСИ
Страна Российская Федерация
Организация NLR
Дата составления 20100307
801 #0 - ИСТОЧНИК ЗАПИСИ
Страна Российская Федерация
Организация NLR
Правила каталогизации PSBO
852 ## - МЕСТОНАХОЖДЕНИЕ И ШИФР ХРАНЕНИЯ
Идентификатор организации NLR
Шифр хранения (Call Number) Л31 Г-3/1418
942 ## - ДОПОЛНИТЕЛЬНЫЕ ЭЛЕМЕНТЫ ЗАПИСИ (АБИС)
Тип экземпляра АБИС Книга
980 ## - КОЛЛЕКЦИЯ
Название коллекции Национальная библиография
Экземпляры
Тип экземпляра Дата поступления Библиотека постоянного хранения Библиотека текущего хранения Место хранения Шифр хранения Штрих-код Статус экземпляра
Книга 26.10.2013 РНБ (Московский) РНБ (Московский) Иностранный книжный фонд Л31 Г-3/1418 9175866-10